Statystyki dla ZAWÓD, W KTÓRYM TNIEMY:

Kliknij tutaj aby rozwiązać quiz!

Ogólne statystyki

  • Ten quiz został rozwiązany 28 razy
  • Średni wynik to 3 z 6

Statystyki odpowiedzi

Odpowiedź% Poprawnych
STOLARZ
70%
CHIRURG
55%
KRAWIEC
45%
RZEŹNIK
40%
FRYZJER
35%
OGRODNIK
15%

Rozkład punktacji

Percentyl według liczby udzielonych odpowiedzi

Procent ludzi z każdym wynikiem

Twoja historia wyników

Nie rozwiązałeś tego quizu